| 000 | 00448nam a22001457a 4500 | ||
|---|---|---|---|
| 082 | _aP-442(A) | ||
| 100 |
_aSohaib Anwar, Syndicate No 11 _948239 |
||
| 245 |
_aDevelopment of optimal aspect ratios for multistorey buildings for various seismic zones of Pakistan _cSohaib Anwar, M. Armughan Bilal |
||
| 260 | _c2010 | ||
| 300 | _a62 P, : | ||
| 526 |
_a0 _b0 _c0 _dP_442A |
||
| 650 | _aProject | ||
| 700 |
_aMansoor Khalid _948240 |
||
| 942 |
_2ddc _cBK |
||
| 999 |
_c551239 _d551239 |
||